000 01306nam a2200337 4500
003 EG-GICUC
005 20260121101156.0
008 251108s2007 ua ||||fr|||| 00| 0 ara d
017 _a200725309
040 _a EG-GICUC
_bara
_c EG-GICUC
_d EG-GICUC
_erda
041 0 _aara
082 0 4 _221
_a341.84
_bع ا . ق
092 0 4 _221
099 _aLaw1 12 341.84 ع ا . ق 1 ed - 2007
100 0 _aعادل أبوهشيمة محمود حوته
_eمؤلف.
245 1 2 _aالقانون الواجب التطبيق على عقد الضمان المقابل /
_cعادل أبوهشيمة محمود حوته.
250 _aالطبعة الاولى
264 _aدون مكان نشر:
_bدون ناشر،
_c2007.
300 _a112 ،صفحة
_c24 سم
336 _2rda content
_atext
337 _2rda media
_aComputer
338 _2rda carrier
_aOnline Resource
504 _aيحتوي على ارجاعات ببليوجرافية يحتوي على قائمة بالمراجع
546 _aالنص أغلبه باللغة العربية مع بعض النصوص الفرنسية
650 1 _aالقانون
650 1 _aعقود
650 1 _aتنازع القوانين.
856 4 0 _uhttps://fll.law.cu.edu.eg/fulltext/bks/B12-00831.pdf
905 _a75
942 _2ddc
_n0
_cBK
_e21
999 _c41701
_d41701